| 000 | 01860nam a2200301 i 4500 | ||
|---|---|---|---|
| 001 | 196349 | ||
| 003 | ES-MaACL | ||
| 005 | 20250717063103.0 | ||
| 008 | 240919b2024 sp ||||| |||| 00| 0 spa d | ||
| 017 |
_aM 10151-2024 _bOficina Depósito Legal Madrid |
||
| 020 | _a9788412675467 | ||
| 040 |
_bspa _cES-MaACL |
||
| 100 | 1 |
_927236 _aBello, Luis, _d1872-1935 _eaut |
|
| 245 |
_aEl tributo a París / _cLuis Bello ; edición crítica y estudio introductorio de José Miguel González Soriano. |
||
| 260 |
_aMadrid : _bEdiciones Evohé, _c2024. |
||
| 300 |
_a209 páginas ; _c14 cm |
||
| 336 |
_2rdacontent _atexto |
||
| 337 |
_2rdamedia _asin mediación |
||
| 338 |
_2rdacarrier _avolumen |
||
| 520 | _aEn los primeros años del siglo XX, París era una especie de centro de información para todas aquellas noticias internacionales que, con profusión, se daban por el mundo entero. La avidez del lector de periódicos requería de nuevas que le mantuvieran informado, en la época que nuevos medios como el telégrafo y el teléfono facilitaban el rápido intercambio. En este contexto, Luis Bello marchó a la capital francesa en el año 1904 como corresponsal, con la firme intención de «rendir tributo» a París, firmando una serie de artículos y crónicas que le servirían, tres años más tarde, para publicar este título que ahora recogemos en El Periscopio, bajo una excelente edición de José Miguel González Soriano. | ||
| 700 |
_aGonzález Soriano, José Miguel _eedt _9238869 |
||
| 852 |
_aES-MaACL _cDEPOJ _jN-10109 _xEncuadernación rústica con solapas _hDonación: Editorial _9206228 |
||
| 942 |
_cMONOGRAFIA _n0 |
||
| 999 |
_c196349 _d196349 |
||